000 00794nam a22002537a 4500
001 00092
003 DO-SdBNP
005 20231026101911.0
007 00092
008 160315b1998 sp || 00| 0 spa d
040 _aBPMSU
_bspa
_cBPMSU
082 4 _a863.64
_bM562p 1998
_222
092 _axxxxxxxx
_bxxxxxxxx
100 1 _aMerino, José María
_d1941-
245 1 4 _aLas palabras del mundo /
_cJosé María Merino , ilustración Daniel Albarracín
260 _aBarcelona :
_bDifusión Directa Édera ,
_c1998.
300 _a93 p. :
_c21 cm.
490 0 _a Diez minutos.;
_aEscritores españoles de hoy,
_v 4
650 4 _a Cuentos españoles
650 4 _aVida cotidiana
_vCuentos
700 1 _aAlbarracín, Daniel,
_eil.
910 _aVMateo V. Control de calidad. BPMSU
942 _2ddc
_cBK
999 _c9244
_d9244